Чиракът на магьосника (Запис номер 515923)
[ съкратено ]
| 000 -Лидер | |
|---|---|
| Контролно поле с фиксирана дължина | 00932nam a2200241 a 4500 |
| 003 - Код на организацията, давaща контролен номер | |
| Контролно поле | BLK |
| 005 - Дата и час на последна редакция | |
| Контролно поле | 20250701104251.0 |
| 008 - Елементи от данни с фиксирана дължина | |
| fixed length control field | 190301b bu ||||| |||| 00| 0 bu d |
| 020 ## - Международен стандартен номер на книга ISBN | |
| Международен стандартен номер на книга ISBN | 9789549287134 |
| 040 ## - Източник на каталожния запис | |
| Идентификатор на билиотеката - собственик на записа | BLK |
| 041 ## - Код за език | |
| Код за езика на текст/звукозапис или на отделно заглавие | Български |
| Код за езика КДБФ | Български |
| 080 ## - УДК | |
| Текстов определител УДК | Английска литература |
| УДК код - определител по УДК | 821.111 |
| УДК - код + определител | 821.111-31 |
| 100 ## - Редна дума - Автор | |
| R(LIN) | 327080 |
| Автор | Шах, Тахир |
| Авторска отговорност | първи автор |
| 139 ## - Редно поле | |
| Редна дума | Шах, Тахир |
| Авторски знак | Шах - Ш 42 |
| 245 ## - Сведения за заглавието | |
| Заглавие | Чиракът на магьосника |
| Подзаглавни данни | Невероятно пътешествие в света на индийските садху |
| Редно поле (дума) | Тахир Шах; Прев. Мая Люцканова-Куне |
| 257 ## - Страна на издаване | |
| Страна на създаване/издаване | Великобритания |
| 260 ## - Област на издателските данни | |
| 9 (RLIN) | 218634 |
| Място на издаване, разпространение и проч. | София |
| Име на издателя, разпространителя и проч. | Барака |
| Година на издаване | 2015 |
| 300 ## - Физическа характеристика | |
| Страници | 374 с. |
| Размери/Мащаб | 20 см |
| 380 ## - Жанр | |
| Жанр | Худож. лит. |
| 700 ## - Други автори (авторска отговорност) | |
| 9 (RLIN) | 327081 |
| Лично име | Люцканова-Куне, Мая |
| Автороска отговорност (Описва отношението между автора и произведението) | прев. |
| 942 ## - АРТИКУЛИ | |
| Вид на библиотечния материал | Книги |
| Скрит в OPAC | Не |
| Koha issues (borrowed), all copies | 12 |
| 999 ## - СИСТЕМНИ КОНТРОЛНИ НОМЕРА | |
| Koha biblionumber | 515923 |
| Koha biblioitemnumber | 515923 |
| 944 ## - СЪЗДАВАНЕ И РЕДАКЦИЯ на ЗАПИСА | |
| Създаване/Редакция | |
| Дата на регистрацията/редакция | Нора Радева |
| Служител, извършил регистрацията/редакцията | 30530 |
| Статус, дата на статуса | Минев Младен |
| Код за отписване | Код за изгубен артикул | Източник на класификационната схема | Код за повреда | Код за отдаване | Артикулен № | Име на библиотеката - собственик | Име на библиотеката, в която се намира в момента | Статус (Текущо местоположение) | Дата на вписване в системата | Местоположение - отдел | Цена в лева | Инвентарен номер | Систематично азбучна сигнатура | Баркод | Цена в евро | Служебен тип на артикула |
|---|---|---|---|---|---|---|---|---|---|---|---|---|---|---|---|---|
| Не е изгубен | Universal Decimal Classification | Не е повреден | заемане за дома | 947630 | Регионална библиотека "Любен Каравелов" Русе | Регионална библиотека "Любен Каравелов" Русе | Заемна - подръчен фонд | 2024-08-27 | Заемна - подръчен фонд | 15.19 | 120000911359 | 821-31/Ш 42 Т | 120000911359 | 7.77 | Книги |